PHYSIOLOGY PRACTICAL MANUAL (Record no. 29176)

MARC details
000 -LEADER
fixed length control field 00381nam a22001697a 4500
003 - CONTROL NUMBER IDENTIFIER
control field SGT
020 ## - INTERNATIONAL STANDARD BOOK NUMBER
International Standard Book Number 9789354661884
082 ## - DEWEY DECIMAL CLASSIFICATION NUMBER
Classification number 612
Item number P24K
100 ## - MAIN ENTRY--PERSONAL NAME
Personal name KAPOOR ,RAJ.
245 ## - TITLE STATEMENT
Title PHYSIOLOGY PRACTICAL MANUAL
250 ## - EDITION STATEMENT
Edition statement 4TH
260 ## - PUBLICATION, DISTRIBUTION, ETC. (IMPRINT)
Place of publication, distribution, etc NEW DELHI
Name of publisher, distributor, etc CBS.. PUB.
Year of Publication 2024
300 ## - PAGE DESCRIPTION
No. of Pages 260
650 ## - SUBJECT ADDED ENTRY--TOPICAL TERM
Topical term or geographic name as entry element PHYSIOLOGY
653 ## - KEYWORDS--INDEX TERM
Keyword term PHYSIOLOGY, PRACTICAL, MANUAL
942 ## - ADDED ENTRY ELEMENTS (KOHA)
Source of classification or shelving scheme Dewey Decimal Classification
Koha item type Books
Holdings
Withdrawn status Lost status Source of classification or shelving scheme Damaged status Use restrictions Not for loan Collection code Home library Current library Shelving location Date acquired Vendor Name Cost, normal purchase price SGTU Bill Number Full call number Accession No. (Barcode) Date last seen Bill Date Koha item type Total Checkouts Date last borrowed
    Dewey Decimal Classification   Restricted Access   AYURVEDA SGT FA-FP Library SGT FA-FP Library Reference Book 20/01/2025 AHUJA PUB. 650.00 SGTU 19920 612 P24K FA12634 20/01/2025 21/11/2024 Books    
    Dewey Decimal Classification       AYURVEDA SGT FA-FP Library SGT FA-FP Library Text Book 20/01/2025 AHUJA PUB. 650.00 SGTU 19920 612 P24K FA12635 09/12/2025 21/11/2024 Books 1 25/11/2025